Southville International School and Colleges
Your cart is empty.
  • Cart
  • Lists
    Public lists Eva Luna New books Lux_list list_1
    Your lists Log in to create your own lists
  • Log in to your account
  • Your cookies
  • Search history
Southville International School and Colleges
  • Advanced search
  • Recent comments
  • Most popular
  • Libraries

Log in to your account

Log in with GOOGLE


If you do not have an external account, but do have a local account, you can still log in:

  1. Home
  2. MARC view: Modern Mandarin Chinese grammar :
Normal view MARC view ISBD view

Modern Mandarin Chinese grammar : (Record no. 288913)

[ view plain ]
MARC details
000 -LEADER
fixed length control field 02637cam a2200433 i 4500
001 - CONTROL NUMBER
control field 17861165
003 - CONTROL NUMBER IDENTIFIER
control field PILC
005 - DATE AND TIME OF LATEST TRANSACTION
control field 20151105113050.0
008 - FIXED-LENGTH DATA ELEMENTS--GENERAL INFORMATION
fixed length control field 130822s2014 enk 001 0 eng
010 ## - LIBRARY OF CONGRESS CONTROL NUMBER
LC control number 2013034333
020 ## - INTERNATIONAL STANDARD BOOK NUMBER
International Standard Book Number 9780415827157 (hardback)
020 ## - INTERNATIONAL STANDARD BOOK NUMBER
International Standard Book Number 9780415827140 (paperback)
020 ## - INTERNATIONAL STANDARD BOOK NUMBER
Cancelled/invalid ISBN 9781315814759 (ebook)
040 ## - CATALOGING SOURCE
Original cataloging agency DLC
Language of cataloging eng
Transcribing agency DLC
Description conventions rda
Modifying agency DLC
041 0# - LANGUAGE CODE
Language code of text/sound track or separate title eng
-- chi
042 ## - AUTHENTICATION CODE
Authentication code pcc
050 00 - LIBRARY OF CONGRESS CALL NUMBER
Classification number PL 1107
Item number .R65 2014
082 00 - DEWEY DECIMAL CLASSIFICATION NUMBER
Classification number 495.1/82421
084 ## - OTHER CLASSIFICATION NUMBER
Classification number FOR000000
-- FOR003000
-- LAN000000
Source of number bisacsh
100 1# - MAIN ENTRY--PERSONAL NAME
Personal name Ross, Claudia.
245 10 - TITLE STATEMENT
Title Modern Mandarin Chinese grammar :
Remainder of title a practical guide /
Statement of responsibility, etc Claudia Ross, Jing-heng Sheng Ma.
250 ## - EDITION STATEMENT
Edition statement 2nd Edition.
260 ## - PUBLICATION, DISTRIBUTION, ETC. (IMPRINT)
Place of publication, distribution, etc New York :
Name of publisher, distributor, etc Routledge,
Date of publication, distribution, etc 2014.
300 ## - PHYSICAL DESCRIPTION
Extent xxvi, 404 pages ;
Dimensions 26 cm.
490 0# - SERIES STATEMENT
Series statement Routledge Modern grammars
500 ## - GENERAL NOTE
General note Includes index.
520 ## - SUMMARY, ETC.
Summary, etc "Modern Mandarin Chinese Grammar is an innovative reference guide to Mandarin Chinese, combining traditional and function-based grammar in a single volume.Divided into two sections closely linked by extensive cross-references, it covers:traditional grammatical categories such as phrase order, nouns, verbs and specifiers language functions and notions such as communication strategies, giving and seeking information, expressing apologies, regrets and sympathies.With all grammar points and functions richly illustrated with examples, and a strong emphasis on contemporary usage, the main features of this Grammar include examples in simplified characters, traditional characters, and romanization (Pinyin) as well as an emphasis on areas of particular difficulty for learners of Mandarin Chinese.This is the ideal reference grammar for learners of Mandarin Chinese at all levels, from elementary to advanced. No prior knowledge of grammatical terminology is assumed and a glossary of grammatical terms is provided. Featuring related exercises and activities, this Grammar is accompanied by the Modern Mandarin Chinese Grammar Workbook"--
650 #0 - SUBJECT ADDED ENTRY--TOPICAL TERM
Topical term or geographic name as entry element Chinese language
General subdivision Grammar.
650 #0 - SUBJECT ADDED ENTRY--TOPICAL TERM
Topical term or geographic name as entry element Mandarin dialects
General subdivision Grammar.
650 #0 - SUBJECT ADDED ENTRY--TOPICAL TERM
Topical term or geographic name as entry element Mandarin dialects
Form subdivision Self-instruction.
650 #0 - SUBJECT ADDED ENTRY--TOPICAL TERM
Topical term or geographic name as entry element Chinese language
Form subdivision Textbooks for foreign speakers
General subdivision English.
650 #7 - SUBJECT ADDED ENTRY--TOPICAL TERM
Topical term or geographic name as entry element FOREIGN LANGUAGE STUDY / General.
Source of heading or term bisacsh
650 #7 - SUBJECT ADDED ENTRY--TOPICAL TERM
Topical term or geographic name as entry element FOREIGN LANGUAGE STUDY / Chinese.
Source of heading or term bisacsh
650 #7 - SUBJECT ADDED ENTRY--TOPICAL TERM
Topical term or geographic name as entry element LANGUAGE ARTS & DISCIPLINES / General.
Source of heading or term bisacsh
700 1# - ADDED ENTRY--PERSONAL NAME
Personal name Ma, Jing-heng Sheng.
906 ## - LOCAL DATA ELEMENT F, LDF (RLIN)
a 7
b cbc
c orignew
d 1
e ecip
f 20
g y-gencatlg
942 ## - ADDED ENTRY ELEMENTS (KOHA)
Source of classification or shelving scheme Library of Congress Classification
Koha item type Books
Call number prefix Foreign
Holdings
Withdrawn status Lost status Source of classification or shelving scheme Damaged status Home library Current library Shelving location Date acquired Source of acquisition Cost, normal purchase price Sub Shelving location Total Checkouts Full call number Barcode Date last seen Price effective from Koha item type
    Library of Congress Classification   College Library College Library Reserve Section 11/05/2015 Library Fund 4360.00     PL 1107 .R65 2014 C20242 05/15/2018 11/05/2015 Books

Modern Mandarin Chinese grammar :

APA

Ross C., Ma J. S., . (2014). Modern Mandarin Chinese grammar. New York: Routledge.

Chicago

Ross Claudia, Ma Jing-heng Sheng, . 2014. Modern Mandarin Chinese grammar. New York: Routledge.

Harvard

Ross C., Ma J. S., . (2014). Modern Mandarin Chinese grammar. New York: Routledge.

MLA

Ross Claudia, Ma Jing-heng Sheng, . Modern Mandarin Chinese grammar. New York: Routledge. 2014.

  • Place hold
  • Print
  • Cite
  • Add to your cart (remove)
  • Save record
    BIBTEX Dublin Core MARCXML MARC (non-Unicode/MARC-8) MARC (Unicode/UTF-8) MARC (Unicode/UTF-8, Standard) MODS (XML) RIS
  • More searches
    Search for this title in:
    Other Libraries (WorldCat) Other Databases (Google Scholar) Online Stores (Bookfinder.com) Open Library (openlibrary.org)

Exporting to Dublin Core...

SOUTHVILLE LIBRARY

Southville International School and Colleges Library

1281 Tropical Ave. Cor. Luxembourg St., BF Homes International, Las Pinas City

Tel. No. 8256374 / 252358 Loc. 117/146

Powered by Koha